[Event "Asuncion CIT op"]
[Site "Asuncion"]
[Date "2023.08.17"]
[Round "8"]
[White "Varillas Jimenes, Ivan"]
[Black "Latorre Lopez Moreira, Luis Matias"]
[Result "1/2-1/2"]
[WhiteElo "1952"]
[BlackElo "2322"]
[PlyCount "69"]
[EventDate "2023.08.12"]
[EventType "swiss"]
[EventRounds "9"]
[EventCountry "PAR"]
[SourceTitle "CBM 215 Extra"]
[Source "ChessBase"]
[SourceDate "2023.09.30"]
[SourceVersion "1"]
[SourceVersionDate "2023.09.30"]
[SourceQuality "1"]

1. Nf3 Nf6 2. g3 e6 3. Bg2 b5 4. 0-0 Bb7 5. b3 c5 6. c4 a6 7. Bb2 Qb6 8. Qc2 Nc6 9. a3 Be7 10. e3 Rb8 11. d3 0-0 12. Nbd2 Rfc8 13. Rab1 d6 14. Rfc1 Nd7 15. Qd1 Qd8 16. d4 cxd4 17. cxb5 axb5 18. Nxd4 Nxd4 19. Rxc8 Qxc8 20. Bxd4 Bxg2 21. Kxg2 Ra8 22. Bb2 Bf6 23. Bxf6 Nxf6 24. Ra1 Qc6+ 25. Kg1 h5 26. Nf3 Ne4 27. b4 Rc8 28. Nd4 Qc3 29. Nxb5 Qb2 30. Qf1 Rc2 31. Qb1 Rc1+ 32. Qxc1 Qxf2+ 33. Kh1 Qf3+ 34. Kg1 Qf2+ 35. Kh1 1/2-1/2

[Event "Asuncion CIT op"]
[Site "Asuncion"]
[Date "2023.08.14"]
[Round "4"]
[White "Latorre Lopez Moreira, Luis Matias"]
[Black "Di Berardino, Diego Rafael"]
[Result "1/2-1/2"]
[WhiteElo "2322"]
[BlackElo "2479"]
[PlyCount "96"]
[EventDate "2023.08.12"]
[EventType "swiss"]
[EventRounds "9"]
[EventCountry "PAR"]
[SourceTitle "CBM 215 Extra"]
[Source "ChessBase"]
[SourceDate "2023.09.30"]
[SourceVersion "1"]
[SourceVersionDate "2023.09.30"]
[SourceQuality "1"]

1. d4 Nf6 2. c4 g6 3. Nf3 Bg7 4. e3 0-0 5. Be2 c5 6. dxc5 Na6 7. 0-0 Nxc5 8. b4 Nce4 9. Bb2 d5 10. c5 a5 11. a3 Ne8 12. Nd4 Nc7 13. Nc3 e5 14. Nb3 Nxc3 15. Bxc3 d4 16. exd4 a4 17. Na5 exd4 18. Bd2 Ne6 19. Bd3 Be5 20. Qf3 Rb8 21. Be4 Ng5 22. Bxg5 Qxg5 23. Nxb7 d3 24. Rad1 d2 25. Nd6 Bg4 26. Qd3 Bxd1 27. Rxd1 Bxh2+ 28. Kf1 Bxd6 29. cxd6 Rbe8 30. g3 Qg4 31. f3 Qh3+ 32. Kf2 Qh2+ 33. Ke3 f5 34. Qd5+ Kg7 35. d7 Qxg3 36. dxe8N+ Rxe8 37. Kxd2 fxe4 38. Qd4+ Kg8 39. fxe4 Qg2+ 40. Ke3 Qg5+ 41. Ke2 Qg4+ 42. Ke3 Qg5+ 43. Ke2 Qg2+ 44. Ke3 Rf8 45. Qd5+ Kg7 46. Qd4+ Kg8 47. Qd5+ Kg7 48. Qd4+ Kh6 1/2-1/2

[Event "Asuncion CIT op"]
[Site "Asuncion"]
[Date "2023.08.13"]
[Round "3"]
[White "Perez, Hernan"]
[Black "Latorre Lopez Moreira, Luis Matias"]
[Result "0-1"]
[WhiteElo "2075"]
[BlackElo "2322"]
[PlyCount "104"]
[EventDate "2023.08.12"]
[EventType "swiss"]
[EventRounds "9"]
[EventCountry "PAR"]
[SourceTitle "CBM 215 Extra"]
[Source "ChessBase"]
[SourceDate "2023.09.30"]
[SourceVersion "1"]
[SourceVersionDate "2023.09.30"]
[SourceQuality "1"]

1. Nf3 d5 2. e3 Nf6 3. c4 g6 4. b3 Bg7 5. Bb2 0-0 6. d4 b6 7. Nc3 Bb7 8. Bd3 dxc4 9. bxc4 Qc8 10. 0-0 Nfd7 11. Nd5 Re8 12. Rc1 e6 13. Nf4 e5 14. dxe5 Nxe5 15. Nxe5 Bxe5 16. Bxe5 Rxe5 17. Nd5 Nd7 18. Qg4 Bxd5 19. cxd5 Nc5 20. Qd4 Qe8 21. e4 Rd8 22. f4 Nxd3 23. Qxd3 Rxe4 24. Rxc7 Re7 25. Rxe7 Qxe7 26. Rd1 Qc5+ 27. Kh1 Qf2 28. Qd2 Qxd2 29. Rxd2 Kf8 30. Kg1 Ke7 31. Kf2 Rc8 32. Ke3 Rc4 33. g3 Kd6 34. g4 f6 35. Kf3 b5 36. Re2 Rc3+ 37. Ke4 Rc4+ 38. Kf3 Kxd5 39. Re7 Rc3+ 40. Ke2 Ra3 41. Rxh7 Ke4 42. g5 Rxa2+ 43. Kd1 fxg5 44. fxg5 a5 45. h4 Kf5 46. Rd7 b4 47. Rd6 b3 48. Rf6+ Kg4 49. Kc1 Kh5 50. Rf4 a4 51. Rb4 Rc2+ 52. Kb1 a3 0-1

[Event "Vicente Lopez ProAm 100 Years op"]
[Site "Buenos Aires"]
[Date "2022.10.14"]
[Round "4"]
[White "Latorre Lopez Moreira, Luis Matias"]
[Black "Iturrizaga Bonelli, Eduardo"]
[Result "0-1"]
[WhiteElo "2304"]
[BlackElo "2629"]
[PlyCount "86"]
[EventDate "2022.10.11"]
[EventType "swiss"]
[EventRounds "9"]
[EventCountry "ARG"]
[SourceTitle "CBM 210 Extra"]
[Source "ChessBase"]
[SourceDate "2022.11.30"]
[SourceVersion "1"]
[SourceVersionDate "2022.11.30"]
[SourceQuality "1"]

1. d4 Nf6 2. c4 e6 3. Nc3 Bb4 4. Qc2 d5 5. cxd5 exd5 6. Bg5 h6 7. Bh4 g5 8. Bg3 Ne4 9. e3 Nc6 10. Bd3 Bf5 11. f3 Bxc3+ 12. bxc3 Nxg3 13. hxg3 Bxd3 14. Qxd3 Qd6 15. Ne2 0-0-0 16. Kf2 Na5 17. g4 Qa3 18. Rhb1 Rhe8 19. Ng3 Re6 20. e4 Rc6 21. Rc1 dxe4 22. fxe4 Nc4 23. Qf3 Nb6 24. Nf5 Kb8 25. Rc2 Rc4 26. Rb1 Qa5 27. Rbc1 Ra4 28. Nxh6 Rxa2 29. Qxf7 Rxc2+ 30. Rxc2 Qa4 31. Re2 Qc6 32. Nf5 a5 33. c4 Na4 34. e5 Nc3 35. Re1 Rc8 36. e6 Qxc4 37. Qd7 Qa2+ 38. Kf1 Qc4+ 39. Kf2 Qa2+ 40. Kf1 Rh8 41. Ng3 Qc4+ 42. Kf2 Nd5 43. Nf5 Nf4 0-1

[Event "Vicente Lopez ProAm 100 Years op"]
[Site "Buenos Aires"]
[Date "2022.10.12"]
[Round "2"]
[White "Latorre Lopez Moreira, Luis Matias"]
[Black "Donda, Jazmin"]
[Result "1-0"]
[WhiteElo "2304"]
[BlackElo "1360"]
[PlyCount "27"]
[EventDate "2022.10.11"]
[EventType "swiss"]
[EventRounds "9"]
[EventCountry "ARG"]
[SourceTitle "CBM 210 Extra"]
[Source "ChessBase"]
[SourceDate "2022.11.30"]
[SourceVersion "1"]
[SourceVersionDate "2022.11.30"]
[SourceQuality "1"]

1. g3 d5 2. Bg2 Nf6 3. Nf3 c5 4. c4 Nc6 5. cxd5 Nxd5 6. Nc3 Nxc3 7. bxc3 g6 8. h4 Bg4 9. Qb3 Qb6 10. Rb1 Qxb3 11. Rxb3 Na5 12. Rb5 Nc6 13. Rxb7 Rb8 14. Nh2 1-0

[Event "Asuncion CC Deportivo 100 Years"]
[Site "Asuncion"]
[Date "2022.05.07"]
[Round "8"]
[White "Diaz Hollemaert, Nahuel Carlos"]
[Black "Latorre Lopez Moreira, Luis Matias"]
[Result "1/2-1/2"]
[WhiteElo "2422"]
[BlackElo "2342"]
[PlyCount "71"]
[EventDate "2022.05.03"]
[EventType "tourn"]
[EventRounds "10"]
[EventCountry "PAR"]
[EventCategory "6"]
[SourceTitle "EXT 2023"]
[Source "ChessBase"]
[SourceDate "2022.10.05"]
[SourceVersion "1"]
[SourceVersionDate "2022.10.05"]
[SourceQuality "1"]

1. Nf3 d5 2. b3 Bf5 3. Bb2 e6 4. d3 c5 5. Nbd2 Nc6 6. g3 h6 7. e4 Bh7 8. Bg2 d4 9. 0-0 Nf6 10. Qe2 Be7 11. c3 dxc3 12. Bxc3 0-0 13. Nc4 b5 14. Nce5 Nxe5 15. Nxe5 Qb6 16. a4 bxa4 17. bxa4 Rab8 18. Qa2 Qc7 19. Rab1 Rfc8 20. Rxb8 Rxb8 21. Bh3 c4 22. Nxc4 Qc5 23. Be5 Rb4 24. Bc3 Rb8 25. Bd2 Rd8 26. Qb3 Qh5 27. Bg2 Qe2 28. Re1 Qxd3 29. Qxd3 Rxd3 30. Bf1 Rb3 31. Bg2 Bc5 32. h3 Rd3 33. Bf4 Rc3 34. Nd2 Nh5 35. Rb1 Nxf4 36. Rb8+ 1/2-1/2

[Event "Asuncion CC Deportivo 100 Years"]
[Site "Asuncion"]
[Date "2022.05.05"]
[Round "5"]
[White "Latorre Lopez Moreira, Luis Matias"]
[Black "Perdomo, Leandro Daniel"]
[Result "0-1"]
[WhiteElo "2342"]
[BlackElo "2441"]
[PlyCount "50"]
[EventDate "2022.05.03"]
[EventType "tourn"]
[EventRounds "10"]
[EventCountry "PAR"]
[EventCategory "6"]
[SourceTitle "EXT 2023"]
[Source "ChessBase"]
[SourceDate "2022.10.05"]
[SourceVersion "1"]
[SourceVersionDate "2022.10.05"]
[SourceQuality "1"]

1. g3 g6 2. Bg2 Bg7 3. d4 Nf6 4. e4 d6 5. Nc3 0-0 6. Nge2 e5 7. h3 exd4 8. Nxd4 Re8 9. 0-0 Bd7 10. Kh2 Nc6 11. Nde2 Rb8 12. Be3 b5 13. a3 a5 14. f3 b4 15. axb4 axb4 16. Na4 Ne5 17. Qc1 Ra8 18. b3 d5 19. Kh1 dxe4 20. f4 Nf3 21. Nc5 Rxa1 22. Qxa1 Bb5 23. Rd1 Nd5 24. c4 Bxa1 25. Rxd5 Qxd5 0-1

[Event "PAR-ch"]
[Site "Asuncion"]
[Date "2017.12.22"]
[Round "9"]
[White "Vazquez, Guillermo"]
[Black "Latorre Lopez Moreira, Luis Matias"]
[Result "1-0"]
[WhiteElo "2426"]
[BlackElo "2359"]
[PlyCount "103"]
[EventDate "2017.12.15"]
[EventType "tourn"]
[EventRounds "9"]
[EventCountry "PAR"]
[EventCategory "4"]
[SourceTitle "CBM 205 Extra"]
[Source "ChessBase"]
[SourceDate "2022.01.31"]
[SourceVersion "1"]
[SourceVersionDate "2022.01.31"]
[SourceQuality "1"]

1. d4 d5 2. c4 e6 3. Nc3 Bb4 4. a3 Bxc3+ 5. bxc3 Nf6 6. e3 0-0 7. cxd5 exd5 8. Bd3 b6 9. Ne2 Ba6 10. Bxa6 Nxa6 11. 0-0 c5 12. f3 Re8 13. Ng3 Nc7 14. Qd3 h5 15. e4 cxd4 16. cxd4 h4 17. Nf5 dxe4 18. fxe4 Rxe4 19. Bg5 Ncd5 20. Qxe4 Nxe4 21. Bxd8 Rxd8 22. Rae1 Nec3 23. Rf3 g6 24. Nh6+ Kg7 25. Nxf7 Rf8 26. Ng5 Rxf3 27. Nxf3 h3 28. g4 a5 29. Kf2 b5 30. Kg3 b4 31. axb4 a4 32. g5 a3 33. Ra1 a2 34. b5 Kf7 35. Nd2 Ke6 36. Re1+ Kd7 37. Nb3 Nxb5 38. Kxh3 Nbc3 39. Kg4 Kc6 40. Re6+ Kb5 41. Rxg6 Ne3+ 42. Kh5 Nc2 43. Rg8 Kc4 44. Rb8 Nb5 45. Ra8 Kxb3 46. Rxa2 Kxa2 47. g6 Ncxd4 48. g7 Kb2 49. g8Q Kc3 50. h4 Kd3 51. Qg3+ Ke4 52. Kg6 1-0

[Event "PAR-ch"]
[Site "Asuncion"]
[Date "2017.12.20"]
[Round "7"]
[White "Latorre Lopez Moreira, Luis Matias"]
[Black "Alarcon, Jose"]
[Result "1-0"]
[WhiteElo "2359"]
[BlackElo "1991"]
[PlyCount "89"]
[EventDate "2017.12.15"]
[EventType "tourn"]
[EventRounds "9"]
[EventCountry "PAR"]
[EventCategory "4"]
[SourceTitle "CBM 182 Extra"]
[Source "ChessBase"]
[SourceDate "2018.02.23"]
[SourceVersion "1"]
[SourceVersionDate "2018.02.23"]
[SourceQuality "1"]

1. d4 Nf6 2. Bg5 Ne4 3. Bf4 c5 4. f3 Nf6 5. dxc5 b6 6. e4 bxc5 7. Nc3 Nh5 8. Qd5 Nxf4 9. Qxa8 Qb6 10. 0-0-0 e6 11. e5 Be7 12. Nb5 a6 13. Nd6+ Bxd6 14. Rxd6 Qc7 15. Qe4 Nd5 16. c4 f5 17. Qe1 Nb4 18. a3 N4c6 19. Qe3 Qa5 20. Ne2 0-0 21. f4 Bb7 22. Rg1 Rc8 23. g3 Qa4 24. Nc3 Qa5 25. Bg2 Rc7 26. Bxc6 Nxc6 27. Rgd1 Bc8 28. h3 Rb7 29. Rxc6 dxc6 30. Rd6 Rb3 31. Kc2 Rb8 32. Qd3 h6 33. Kc1 Qb6 34. Na4 Qa5 35. Nc3 Qb6 36. Qc2 a5 37. Na4 Qa7 38. b3 Qf7 39. Kb2 Qh5 40. Qg2 Ba6 41. Kc3 Qf7 42. Nxc5 Qa7 43. Qxc6 Rc8 44. Qb6 Qa8 45. Qxa6 1-0

[Event "PAR-ch"]
[Site "Asuncion"]
[Date "2017.12.15"]
[Round "1"]
[White "Latorre Lopez Moreira, Luis Matias"]
[Black "Almiron, Antonio"]
[Result "1/2-1/2"]
[WhiteElo "2359"]
[BlackElo "2323"]
[PlyCount "22"]
[EventDate "2017.12.15"]
[EventType "tourn"]
[EventRounds "9"]
[EventCountry "PAR"]
[EventCategory "4"]
[SourceTitle "CBM 182 Extra"]
[Source "ChessBase"]
[SourceDate "2018.02.23"]
[SourceVersion "1"]
[SourceVersionDate "2018.02.23"]
[SourceQuality "1"]

1. d4 Nf6 2. c4 e6 3. Nf3 Bb4+ 4. Bd2 a5 5. a3 Bxd2+ 6. Qxd2 d6 7. Nc3 0-0 8. e4 Nc6 9. Bd3 e5 10. d5 Nb8 11. Qc2 Na6 1/2-1/2

[Event "PAR-ch sf"]
[Site "Asuncion"]
[Date "2017.08.15"]
[Round "6"]
[White "Latorre Lopez Moreira, Luis Matias"]
[Black "Zacarias Martinez, Ruben David"]
[Result "1-0"]
[WhiteElo "2375"]
[BlackElo "2224"]
[PlyCount "89"]
[EventDate "2017.08.11"]
[EventType "swiss"]
[EventRounds "9"]
[EventCountry "PAR"]
[SourceTitle "CBM 180 Extra"]
[Source "ChessBase"]
[SourceDate "2017.10.06"]
[SourceVersion "1"]
[SourceVersionDate "2017.10.06"]
[SourceQuality "1"]

1. d4 Nf6 2. Bg5 Ne4 3. Bf4 Nc6 4. f3 Nf6 5. Nc3 e6 6. Qd2 Bb4 7. e4 d5 8. e5 Nd7 9. Bb5 a6 10. Bxc6 bxc6 11. Nge2 a5 12. Bg5 f6 13. exf6 gxf6 14. Bh4 0-0 15. 0-0 c5 16. a3 cxd4 17. axb4 dxc3 18. Nxc3 Ne5 19. f4 Nc4 20. Qd4 c6 21. Rf3 Nd6 22. Qc5 Ra6 23. bxa5 Nb7 24. Qd4 Nxa5 25. Rg3+ Kh8 26. Rd1 Qb6 27. Ne4 Qxd4+ 28. Rxd4 h5 29. Bxf6+ Kh7 30. Bg7 Rf7 31. Nf6+ Rxf6 32. Bxf6 Nc4 33. Rd1 Ra2 34. Rg7+ Kh6 35. Rc7 Kg6 36. Bd4 Ba6 37. Re1 Bb5 38. Rg7+ Kf5 39. Rf7+ Kg6 40. Rf6+ Kh7 41. Rfxe6 Nd2 42. Re7+ Kg8 43. Re8+ Kh7 44. R1e7+ Kh6 45. Re6+ 1-0

[Event "PAR-ch sf"]
[Site "Asuncion"]
[Date "2017.08.14"]
[Round "5"]
[White "Alarcon, Jose"]
[Black "Latorre Lopez Moreira, Luis Matias"]
[Result "1/2-1/2"]
[WhiteElo "1943"]
[BlackElo "2375"]
[PlyCount "49"]
[EventDate "2017.08.11"]
[EventType "swiss"]
[EventRounds "9"]
[EventCountry "PAR"]
[SourceTitle "CBM 180 Extra"]
[Source "ChessBase"]
[SourceDate "2017.10.06"]
[SourceVersion "1"]
[SourceVersionDate "2017.10.06"]
[SourceQuality "1"]

1. c4 Nf6 2. Nc3 e6 3. Nf3 d5 4. d4 c6 5. e3 Nbd7 6. cxd5 exd5 7. Bd3 Bd6 8. 0-0 0-0 9. b3 Re8 10. Bb2 Ne4 11. Ne2 Qf6 12. Ng3 Nxg3 13. hxg3 Qh6 14. Bc1 Qf6 15. Bb2 Nf8 16. Ne5 Bxe5 17. dxe5 Qg5 18. Qf3 Nd7 19. Qf4 Qe7 20. Qd4 Nf8 21. f4 Ne6 22. Qc3 Qc5 23. Qd2 d4 24. exd4 Nxd4 25. Bxh7+ 1/2-1/2

[Event "PAR-ch"]
[Site "Asuncion"]
[Date "2016.12.09"]
[Round "6"]
[White "Latorre Lopez Moreira, Luis Matias"]
[Black "Jodorcovsky Werjivker, Paulo"]
[Result "1-0"]
[WhiteElo "2354"]
[BlackElo "2217"]
[PlyCount "85"]
[EventDate "2016.12.05"]
[EventType "tourn"]
[EventRounds "9"]
[EventCountry "PAR"]
[EventCategory "5"]
[SourceTitle "CBM 176 Extra"]
[Source "ChessBase"]
[SourceDate "2017.03.02"]
[SourceVersion "1"]
[SourceVersionDate "2017.03.02"]
[SourceQuality "1"]

1. d4 d5 2. c4 e6 3. Nc3 c6 4. e3 Bd6 5. Bd3 f5 6. Nge2 Nf6 7. f3 0-0 8. Qc2 b6 9. 0-0 a6 10. Bd2 Qc7 11. e4 Bxh2+ 12. Kh1 dxe4 13. fxe4 Ng4 14. exf5 exf5 15. Rf3 Bd6 16. Raf1 g6 17. c5 bxc5 18. Ne4 Be6 19. Bc4 Bf7 20. Ng5 Bd5 21. Qb3 Nd7 22. Bxd5+ cxd5 23. Qxd5+ Kh8 24. Ne6 Ndf6 25. Nxc7 Nxd5 26. Nxd5 Nh2 27. Bc3 c4 28. Nb6 Ra7 29. Nxc4 Nxf3 30. Rxf3 Bb8 31. Re3 f4 32. Re4 g5 33. d5+ Kg8 34. Nd4 Rd7 35. Bb4 Rc8 36. Nc6 f3 37. gxf3 Kg7 38. Nb6 Rxc6 39. dxc6 Rd1+ 40. Kg2 Rc1 41. Bc3+ Kg6 42. Nd5 Rc2+ 43. Kf1 1-0

[Event "PAR-ch op"]
[Site "Asuncion"]
[Date "2016.10.26"]
[Round "7"]
[White "Latorre Lopez Moreira, Luis Matias"]
[Black "Zacarias Martinez, Ruben David"]
[Result "1-0"]
[WhiteElo "2356"]
[BlackElo "2205"]
[PlyCount "103"]
[EventDate "2016.10.21"]
[EventType "swiss"]
[EventRounds "9"]
[EventCountry "PAR"]
[SourceTitle "EXT 2018"]
[Source "ChessBase"]
[SourceDate "2017.10.13"]
[SourceVersion "1"]
[SourceVersionDate "2017.10.13"]
[SourceQuality "1"]

1. d4 f5 2. Nc3 Nf6 3. Bg5 d5 4. Bxf6 exf6 5. e3 Be6 6. Bd3 Qd7 7. Nge2 Nc6 8. Nf4 Bf7 9. h3 h5 10. h4 g6 11. Be2 0-0-0 12. Bf3 Ne7 13. Nd3 Ng8 14. Qd2 c6 15. a4 Bd6 16. a5 g5 17. g3 Bg6 18. Ne2 Nh6 19. 0-0-0 Ng4 20. Rdf1 Qc7 21. Kb1 Rde8 22. Qc3 Rh7 23. a6 bxa6 24. Nc5 Bxc5 25. Qxc5 Qb6 26. Qc3 Kb8 27. Nc1 f4 28. Bxg4 hxg4 29. hxg5 fxg5 30. Rxh7 Bxh7 31. Rh1 Re7 32. Rh6 Rc7 33. Nb3 Qb5 34. gxf4 gxf4 35. exf4 Kb7 36. Re6 Kb6 37. Re8 Bf5 38. Qc5+ Qxc5 39. dxc5+ Kb5 40. Nd4+ Kxc5 41. Nxf5 Rf7 42. Re5 Rh7 43. c3 a5 44. Kc2 a4 45. Ne3 g3 46. fxg3 Rh2+ 47. Kb1 a3 48. bxa3 Kb5 49. c4+ Ka4 50. cxd5 cxd5 51. Rxd5 Kb3 52. Nd1 1-0

[Event "PAR-ch op"]
[Site "Asuncion"]
[Date "2016.10.23"]
[Round "3"]
[White "Cantero, Rodolfo"]
[Black "Latorre Lopez Moreira, Luis Matias"]
[Result "0-1"]
[WhiteElo "1995"]
[BlackElo "2356"]
[PlyCount "113"]
[EventDate "2016.10.21"]
[EventType "swiss"]
[EventRounds "9"]
[EventCountry "PAR"]
[SourceTitle "EXT 2018"]
[Source "ChessBase"]
[SourceDate "2017.10.13"]
[SourceVersion "1"]
[SourceVersionDate "2017.10.13"]
[SourceQuality "1"]

1. e4 e6 2. d4 d5 3. Nc3 Bb4 4. e5 b6 5. a3 Bf8 6. Nf3 Ba6 7. Bxa6 Nxa6 8. Qd3 Nb8 9. Ne2 Qd7 10. h4 Nc6 11. h5 h6 12. Nh4 0-0-0 13. f4 Be7 14. Nf3 f5 15. Bd2 Kb7 16. Kf2 Nb8 17. c4 c6 18. b4 dxc4 19. Qxc4 Qd5 20. Qd3 Na6 21. Nc3 Qd7 22. b5 cxb5 23. Qxb5 Qxb5 24. Nxb5 Rd5 25. a4 Nc7 26. Nxc7 Kxc7 27. Rhc1+ Kd7 28. Rc4 Bd8 29. Rac1 Ne7 30. Bb4 Re8 31. Ke3 b5 32. axb5 Rxb5 33. Bxe7 Kxe7 34. Ne1 Bb6 35. Nd3 Rd8 36. Nc5 Rd5 37. Na4 Rb3+ 38. R1c3 Rxc3+ 39. Nxc3 Ra5 40. Na4 Kd7 41. Nxb6+ axb6 42. Rc3 Ra2 43. Kf3 Rd2 44. Ra3 Rxd4 45. Ra7+ Kc6 46. Rxg7 b5 47. Rg6 b4 48. Rxh6 b3 49. Rxe6+ Kc7 50. Re7+ Kc6 51. Re8 Kc7 52. e6 b2 53. e7 Re4 54. Rd8 b1Q 55. e8Q Rxe8 56. Rxe8 Qf1+ 57. Kg3 0-1

[Event "Olympiad-42"]
[Site "Baku"]
[Date "2016.09.11"]
[Round "9.4"]
[White "Latorre Lopez Moreira, Luis Matias"]
[Black "Sezdbekov, Ruslan"]
[Result "1-0"]
[WhiteElo "2318"]
[BlackElo "2127"]
[PlyCount "87"]
[EventDate "2016.09.02"]
[EventType "team-swiss"]
[EventRounds "11"]
[EventCountry "AZE"]
[SourceTitle "CBM 175"]
[Source "ChessBase"]
[SourceDate "2016.11.10"]
[SourceVersion "1"]
[SourceVersionDate "2016.11.10"]
[SourceQuality "1"]
[WhiteTeam "Paraguay"]
[BlackTeam "Kyrgyzstan"]
[WhiteTeamCountry "PAR"]
[BlackTeamCountry "KGZ"]

1. d4 Nf6 2. Bg5 d5 3. e3 e6 4. Bd3 Be7 5. Nd2 0-0 6. f4 c5 7. c3 Nc6 8. Ngf3 h6 9. Bh4 Ng4 10. Bxe7 Qxe7 11. Qe2 f5 12. Bb5 Bd7 13. Bxc6 Bxc6 14. h3 Nf6 15. Ne5 Be8 16. 0-0 g5 17. fxg5 hxg5 18. g4 Nh7 19. Rf2 cxd4 20. exd4 Rf6 21. Raf1 f4 22. h4 Rh6 23. h5 Nf6 24. Rg2 Kh8 25. Nef3 Nh7 26. Re1 Bf7 27. Qe5+ Qf6 28. Nb3 b6 29. Nc1 Rg8 30. Nd3 Rg7 31. Qxf6 Nxf6 32. Nf2 Nd7 33. Nh3 Bxh5 34. gxh5 g4 35. Nxf4 gxf3 36. Rxg7 Kxg7 37. Rxe6 Rxe6 38. Nxe6+ Kh6 39. Kf2 Kxh5 40. Kxf3 Nf6 41. Kf4 Ng4 42. Nc7 Nf2 43. b3 Nd3+ 44. Ke3 1-0

[Event "Olympiad-42"]
[Site "Baku"]
[Date "2016.09.02"]
[Round "1.4"]
[White "Latorre Lopez Moreira, Luis Matias"]
[Black "Al Khateeb, Taher"]
[Result "1-0"]
[WhiteElo "2318"]
[BlackElo "2002"]
[PlyCount "149"]
[EventDate "2016.09.02"]
[EventType "team-swiss"]
[EventRounds "11"]
[EventCountry "AZE"]
[SourceTitle "CBM 175"]
[Source "ChessBase"]
[SourceDate "2016.11.10"]
[SourceVersion "1"]
[SourceVersionDate "2016.11.10"]
[SourceQuality "1"]
[WhiteTeam "Paraguay"]
[BlackTeam "Kuwait"]
[WhiteTeamCountry "PAR"]
[BlackTeamCountry "KUW"]

1. d4 d5 2. Nf3 c6 3. e3 e6 4. Bd3 f5 5. c4 Nf6 6. 0-0 Bd6 7. b3 Qe7 8. Bb2 0-0 9. Qc1 b6 10. Ba3 Ne4 11. Bxd6 Qxd6 12. Qa3 Qxa3 13. Nxa3 Nd7 14. cxd5 exd5 15. Rac1 Bb7 16. Nb1 Rac8 17. Nc3 h6 18. Ne2 Rf6 19. b4 g6 20. a4 Kg7 21. a5 c5 22. a6 Ba8 23. b5 Ng5 24. Nd2 c4 25. Bc2 Ne6 26. Nc3 Nc7 27. f4 Re6 28. Rce1 Rce8 29. Kf2 Nf6 30. h3 Ne4+ 31. Bxe4 fxe4 32. g4 Rf6 33. Kg2 Ref8 34. Ndb1 R8f7 35. Na3 Kf8 36. Nc2 Ke7 37. Re2 Rf8 38. Ref2 Ke6 39. Nb4 R8f7 40. Nba2 Rf8 41. Nc1 Ne8 42. N1e2 Nd6 43. Ng3 R6f7 44. h4 Ke7 45. Kh3 Ne8 46. h5 gxh5 47. Nxh5 Nf6 48. Nxf6 Rxf6 49. Kg3 Rg8 50. Rh1 Rfg6 51. Rh4 Rf6 52. Kh3 Kd6 53. Rg2 Rfg6 54. Rh5 Rf8 55. Kh4 Rf7 56. f5 Rgf6 57. g5 hxg5+ 58. Rgxg5 Bc6 59. bxc6 Kxc6 60. Rg6 b5 61. Rhh6 Rxg6 62. Rxg6+ Kd7 63. Nxb5 Rxf5 64. Nc3 Rf1 65. Rg5 Rh1+ 66. Kg4 Rg1+ 67. Kf4 Rf1+ 68. Ke5 Ra1 69. Rg7+ Kc6 70. Nxd5 Kb5 71. Rxa7 Ra3 72. Rc7 Rxa6 73. Rc5+ Ka4 74. Rxc4+ Kb3 75. Rc5 1-0

[Event "PAR-ch"]
[Site "Asuncion"]
[Date "2015.12.18"]
[Round "10"]
[White "Latorre Lopez Moreira, Luis Matias"]
[Black "Bachmann, Axel"]
[Result "0-1"]
[WhiteElo "2290"]
[BlackElo "2610"]
[PlyCount "86"]
[EventDate "2015.12.09"]
[EventType "tourn"]
[EventRounds "11"]
[EventCountry "PAR"]
[SourceTitle "EXT 2017"]
[Source "ChessBase"]
[SourceDate "2016.10.25"]
[SourceVersion "1"]
[SourceVersionDate "2016.10.25"]
[SourceQuality "1"]

1. d4 g6 2. e4 Bg7 3. Nc3 c6 4. Nf3 d6 5. Be3 Nf6 6. h3 0-0 7. a4 Qa5 8. Bd3 e5 9. 0-0 Nbd7 10. Qc1 Re8 11. Nd2 Qc7 12. dxe5 dxe5 13. Nc4 Nh5 14. Rd1 Bf8 15. Be2 Nf4 16. Bg4 Nc5 17. Bxc8 Raxc8 18. Bxf4 exf4 19. e5 f3 20. b4 Nd7 21. Ne4 Re7 22. Ra3 Nxe5 23. Nf6+ Kh8 24. Nxe5 Qxe5 25. Rxf3 Bg7 26. Ng4 Qc7 27. Rfd3 Rce8 28. Ne3 Qf4 29. Qa3 h5 30. b5 Re4 31. bxc6 bxc6 32. Qd6 Rxa4 33. Qxc6 Re6 34. Qa8+ Kh7 35. g3 Qf6 36. Rd7 h4 37. g4 Rae4 38. Qxa7 Rxe3 39. fxe3 Qf3 40. R7d2 Bh6 41. Re1 Bxe3+ 42. Rxe3 Rxe3 43. Qa1 Qg3+ 0-1